Пътят на живота (Запис номер 129758)
[ съкратено ]
| 000 -Лидер | |
|---|---|
| Контролно поле с фиксирана дължина | 01797nam a2200397 c 4500 |
| 003 - Код на организацията, давaща контролен номер | |
| Контролно поле | BLK |
| 005 - Дата и час на последна редакция | |
| Контролно поле | 20231211165210.0 |
| 008 - Елементи от данни с фиксирана дължина | |
| fixed length control field | 180409b bul|||||r ||||||| ||bul|| |
| 010 ## - Наследен системен номер | |
| LC control number | KNG00135501000 |
| 040 ## - Източник на каталожния запис | |
| Идентификатор на билиотеката - собственик на записа | BLK |
| 041 ## - Код за език | |
| Код за езика на текст/звукозапис или на отделно заглавие | Български |
| Код за езика КДБФ | Български |
| 072 #7 - Код за тематичната категория | |
| Код организация | bullib |
| Код за тематична категория | Н86 |
| Текст | Детска отраслова литература Н |
| 080 ## - УДК | |
| Текстов определител УДК | Религиозна литература. Учебници по вероучение (религия) |
| УДК код - определител по УДК | 244 |
| УДК определител | (075.2) |
| УДК - код + определител | 244(075.2) |
| 100 1# - Редна дума - Автор | |
| Автор | Скуланд, Мариан |
| Авторска отговорност | първи автор |
| R(LIN) | 266959 |
| 139 ## - Редно поле | |
| Редна дума | Скуланд, Мериан М. |
| Авторски знак | Ско - С 40 |
| 245 10 - Сведения за заглавието | |
| Заглавие | Пътят на живота |
| Подзаглавни данни | Библейски уроци за деца : Уч. помагало по религия ІІ - ІV кл. |
| Редно поле (дума) | Мариан Скуланд; * Мериан М. Скуланд. |
| 250 ## - Област на изданието | |
| Сведения за изданието | 4. прераб. изд. |
| 257 ## - Страна на издаване | |
| Страна на създаване/издаване | Съединени американски щати |
| 260 ## - Област на издателските данни | |
| Име на издателя, разпространителя и проч. | Фонд. Приятели на България |
| -- | Агапе България |
| Година на издаване | 1999 |
| Печатница | София : ВиВеРа |
| 300 ## - Физическа характеристика | |
| Страници | 176 с. |
| Илюстрации и др. | с цв. ил. |
| Размери/Мащаб | 26 см |
| 380 ## - Жанр | |
| Жанр | Обществени науки |
| 500 ## - Общи забележки | |
| Забележка | Ориг. загл. Leading Little Ones To God / Marian Schoolland. - 1. изд. 1992 на изд. Булвест 2000. - Изд. на М-во на образованието и науката. - Офс. изд. УДК 244(075.2) |
| 650 #4 - Допълнително описание по предмет – тема | |
| Основно описание – тема или топоним | Вероучение |
| 9 (RLIN) | 150548 |
| 653 ## - Ключова дума – ненормативна | |
| Ключова дума | вероучение |
| 653 ## - Ключова дума – ненормативна | |
| Ключова дума | учебни помагала |
| 653 ## - Ключова дума – ненормативна | |
| Ключова дума | ІІ кл. - ІV кл. |
| 659 ## - Тематичен бюлетин | |
| Тематичен бюлетин | Н |
| 700 1# - Други автори (авторска отговорност) | |
| Лично име | Скуланд, Мериан М. |
| Автороска отговорност (Описва отношението между автора и произведението) | * |
| 9 (RLIN) | 321849 |
| 852 ## - Местоположение | |
| Форматна сигнатура | Цб ІІ 17466 |
| 856 4# - Електронен адрес и достъп | |
| Електронен формат | pdf - файл |
| 856 4# - Електронен адрес и достъп | |
| Електронен формат | pdf - файл |
| 999 ## - СИСТЕМНИ КОНТРОЛНИ НОМЕРА | |
| Koha biblionumber | 129758 |
| Koha biblioitemnumber | 129758 |
| 942 ## - АРТИКУЛИ | |
| Вид на библиотечния материал | Книги |
| Скрит в OPAC | Не |
| Koha issues (borrowed), all copies | 2 |
| Периодичен библиозапис | Да |
| 944 ## - СЪЗДАВАНЕ И РЕДАКЦИЯ на ЗАПИСА | |
| Създаване/Редакция | Създаване |
| Дата на регистрацията/редакция | 24.10.2012 |
| Статус, дата на статуса | Бояна Костадинова |
| Служител, извършил регистрацията/редакцията | 30551 |
| 944 ## - СЪЗДАВАНЕ И РЕДАКЦИЯ на ЗАПИСА | |
| Създаване/Редакция | Редакция |
| Дата на регистрацията/редакция | 24.01.2013 |
| Статус, дата на статуса | ф / |
| 999 ## - СИСТЕМНИ КОНТРОЛНИ НОМЕРА | |
| Koha biblioitemnumber | 129758 |
| Код за отписване | Код за изгубен артикул | Код за повреда | Коз за рестрикции | Код за отдаване | Артикулен № | Име на библиотеката - собственик | Име на библиотеката, в която се намира в момента | Статус (Текущо местоположение) | Дата на вписване в системата | Местоположение - отдел | Цена в лева | Инвентарен номер | Систематично азбучна сигнатура | Баркод | Номер на екземпляра | Цена в евро | Служебна бележка | Служебен тип на артикула | Източник на класификационната схема |
|---|---|---|---|---|---|---|---|---|---|---|---|---|---|---|---|---|---|---|---|
| Не е изгубен | Не е повреден | без рестрикции | заемане за дома | 210999 | Регионална библиотека "Любен Каравелов" Русе | Регионална библиотека "Любен Каравелов" Русе | Детски отдел | 2012-10-24 | Детски отдел | 9.00 | 120000760742 | ДН 2/С 40 | 120000760742 | 1 | 4.60 | Дост: DA Вид: А N: 19 Дата: 19.10.2012 Дата инв: 26.08.2015 Бележки инв: Д2015 | Книги | ||
| Не е изгубен | Не е повреден | без рестрикции | заемане за дома | 211000 | Регионална библиотека "Любен Каравелов" Русе | Регионална библиотека "Любен Каравелов" Русе | Детски отдел | 2012-10-24 | Детски отдел | 9.00 | 120000760743 | ДН 2/С 40 | 120000760743 | 2 | 4.60 | Дост: DA Вид: А N: 19 Дата: 19.10.2012 | Книги | Universal Decimal Classification |